| 000 | 00621nam a22002057a 4500 | ||
|---|---|---|---|
| 999 |
_c7596 _d7596 |
||
| 003 | OSt | ||
| 005 | 20220113130312.0 | ||
| 008 | 220113b ||||| |||| 00| 0 eng d | ||
| 020 | _a9780123724996 | ||
| 040 | _cDDC | ||
| 082 | _a658.472 WIL 2007 | ||
| 100 |
_aWilliams, Steve: Nancy Williams. _915525 |
||
| 245 | _aThe Profit Impact of Business Intelligence. | ||
| 260 |
_a Boston : _bElsevier; _c2007, |
||
| 300 |
_axviii, 218 pages : _b illustrations ; _c 24 cm |
||
| 504 | _aIncludes bibliographical references and index. | ||
| 650 |
_aBusiness intelligence. _95271 |
||
| 650 |
_aProfit. _915526 |
||
| 942 |
_2ddc _cBOOK |
||